| 000 | 00758nam a22002057a 4500 | ||
|---|---|---|---|
| 999 |
_c175648 _d175648 |
||
| 005 | 20200911155055.0 | ||
| 010 | _aENG-128421 | ||
| 020 |
_c779.00 _a9789332570405 |
||
| 035 | _aEN-111953 | ||
| 037 | _bDBAD/PUB | ||
| 082 | _a004.22 | ||
| 100 | _aStallings, William | ||
| 245 |
_aComputer Organization and Architecture: Designing for Performance// _cby William Stallings |
||
| 250 | _a10th edition | ||
| 260 |
_aNoida _bPearson _c2020 |
||
| 270 |
_a15th floor,Tower-B,Word Trade Tower,Plot no.1,Block-C sec 16, _bNoida _e201301 _k04466540100 _mcompanysecretary.india@pearson.com |
||
| 300 |
_a857p. _c23cm(pbk) _bTables, and Illustrations |
||
| 500 | _aIncludes Index, Reference, Credits and References | ||
| 942 |
_2ddc _cEN _h004.22 _mSTA |
||